000 01068cam a2200313 i 4500
001 37946
003 Mx-PuUPA
005 20240220094423.0
008 140415s1985 nyub jr 000 fdeng d
020 _a0553269216
040 _cMx-PuUPA
_aMx-PuUP
_bspa
_dMx-PuUPA
_erda
041 0 _aeng
100 _aMontgomery, L.M.,
_eautor
245 1 0 _aRainbow Valley /
_cL.M. Montgomery
250 _aBantam edition /
_bSpecial collector's edition
264 1 _aNew York, NY :
_bBantam Books,
_c1985
300 _a225 páginas, 16 páginas sin numerar :
_bmapas ;
_c18 cm
336 _2rdacontent
_atexto
_btxt
337 _2rdamedia
_asin medio
_bn
338 _2rdacarrier
_avolumen
_bnc
490 0 _aThe Anne of green gables novels ;
_v7
500 _a"With a biography of L.M. Montgomery by Caroline Parry". -- Portada.
650 7 _2armarc
_aFamilias
_vNovela juvenil
650 7 _2armarc
_aHermanos
_vNovela juvenil
655 7 _2armarc
_aNovela doméstica
942 _2ddc
_cLI
_h813.54
_iM734
999 _c37946
_d37946